MARC

LEADER 00000nam0a2200000 4500
001 51711
005 20231031040514.0
035 |a (RuTPU)RU\TPU\book\54137 
090 |a 51711 
100 |a 20030507d1969 m y0rusy50 ca 
101 0 |a rus 
102 |a RU 
105 |a a j 001zy 
200 1 |a Электрические машины автоматических систем  |e учебник для техникумов  |f М. М. Кацман, Ф. М. Юферов  |g Под ред. Ф. М. Юферова 
210 |a Москва  |c Высшая школа  |d 1969 
215 |a 328 с.  |c ил. 
320 |a Библиогр.: с. 324 
610 1 |a электрические машины 
610 1 |a автоматические системы 
610 1 |a машины постоянного тока 
610 1 |a коллекторные машины 
610 1 |a исполнительные двигатели 
610 1 |a генераторы постоянного тока 
610 1 |a электромашинные усилители 
610 1 |a трансформаторы 
610 1 |a двигатели асинхронные 
610 1 |a тахогенераторы 
610 1 |a синхронные машины 
610 1 |a генераторы синхронные 
610 1 |a синхронные двигатели 
610 1 |a сельсины 
610 1 |a реактивные двигатели 
610 1 |a гистерезисные двигатели 
610 1 |a шаговые двигатели 
610 1 |a электромашинные преобразователи 
610 1 |a учебники 
675 |a 621.313-52(075)  |v 3 
675 |a 621.314.2(075)  |v 3 
700 1 |a Кацман  |b М. М.  |g Марк Михайлович 
701 1 |a Юферов  |b Ф. М.  |g Федор Михайлович 
702 1 |a Юферов  |b Ф. М.  |g Федор Михайлович  |4 340 
801 1 |a RU  |b 63413507  |c 20030507  |g PSBO 
801 2 |a RU  |b 63413507  |c 20201026  |g PSBO 
942 |c BK